The winning of freedom / (Record no. 28071)
[ view plain ]
| 000 -LEADER | |
|---|---|
| fixed length control field | 00713cam a2200241 a 4500 |
| 001 - CONTROL NUMBER | |
| control field | 28071 |
| 003 - CONTROL NUMBER IDENTIFIER | |
| rucl marc code | BD-RjUL |
| 005 - DATE AND TIME OF LATEST TRANSACTION | |
| control field | 20211209051233.0 |
| 008 - FIXED-LENGTH DATA ELEMENTS--GENERAL INFORMATION | |
| fixed length control field | 140329s1927 nyu 001 eng d |
| 035 ## - SYSTEM CONTROL NUMBER | |
| System control number | (BD-RjUL)28152 |
| 040 ## - CATALOGING SOURCE | |
| Original cataloging agency | NNCU:A |
| Language of cataloging | eng |
| Transcribing agency | NNCU:A |
| Modifying agency | BD-RjUL |
| 041 ## - LANGUAGE CODE | |
| Language code of text/sound track or separate title | eng |
| 082 00 - DEWEY DECIMAL CLASSIFICATION NUMBER | |
| Classification number | 973 |
| Author mark and year | WOW 1927 |
| 100 1# - MAIN ENTRY--PERSONAL NAME | |
| Personal name | Wood, William. |
| 9 (RLIN) | 86053 |
| 245 14 - TITLE STATEMENT | |
| Title | The winning of freedom / |
| Statement of responsibility, etc. | by W. Wood, R. H. Gabriel. |
| 260 ## - PUBLICATION, DISTRIBUTION, ETC. (IMPRINT) | |
| Place of publication, distribution, etc. | Toronto : |
| Name of publisher, distributor, etc. | New Haven, |
| Date of publication, distribution, etc. | c1927. |
| 300 ## - PHYSICAL DESCRIPTION | |
| Pagination | 366 p. : |
| Illustrations | ill. ; |
| Size | 26 cm. |
| 504 ## - BIBLIOGRAPHY, ETC. NOTE | |
| Bibliography, etc | Includes index. |
| 651 #0 - SUBJECT ADDED ENTRY--GEOGRAPHIC NAME | |
| Geographic name | United States |
| General subdivision | History. |
| 9 (RLIN) | 86055 |
| 700 1# - ADDED ENTRY--PERSONAL NAME | |
| Personal name | Gabriel, Ralph Henry, |
| Dates associated with a name | 1890-1987. |
| 942 ## - ADDED ENTRY ELEMENTS (KOHA) | |
| Source of classification or shelving scheme | Dewey Decimal Classification |
| Koha item type | Books |
| Lost status | Source of classification or shelving scheme | Damaged status | Not for loan | Collection code | Permanent Location | Current Location | Shelving location | Date acquired | Source of acquisition | Total Checkouts | Full call number | Date last seen | Copy number | Koha item type |
|---|---|---|---|---|---|---|---|---|---|---|---|---|---|---|
| Dewey Decimal Classification | Added to bundle | Non-fiction | Central Library, University of Rajshahi | Central Library, University of Rajshahi | Reading Room | 25/02/1958 | U. S. I. S. | 973 WOW 1927 | 29/03/2014 | C-1 | Books |